000
00299nam a22001337a 4500
008
180205b xxu||||| |||| 00| 0 eng d
020
_a
9781556422706
041
_a
eng
080
_2
2nd
_a
616
100
_a
9
101
_a
PAT
245
_a
Psychopathology& function
_c
Bonder,B.R
942
_2
udc
_c
BK
999
_c
41745
_d
41745